[Event "POL-ch U14"]
[Site "Uniejow"]
[Date "2021.07.22"]
[Round "6"]
[White "Rog, Bartlomiej"]
[Black "Demski, Michal"]
[Result "1/2-1/2"]
[WhiteElo "1867"]
[BlackElo "1768"]
[PlyCount "101"]
[EventDate "2021.07.18"]
[EventType "swiss"]
[EventRounds "9"]
[EventCountry "POL"]
[SourceTitle "EXT 2022"]
[Source "ChessBase"]
[SourceDate "2021.10.06"]
[SourceVersion "1"]
[SourceVersionDate "2021.10.06"]
[SourceQuality "1"]

1. e4 c6 2. Nc3 d5 3. Nf3 a6 4. d4 Bg4 5. h3 Bxf3 6. Qxf3 e6 7. Bd3 Nf6 8. 0-0 Be7 9. Qg3 dxe4 10. Nxe4 Nxe4 11. Bxe4 Qxd4 12. Bd3 Bd6 13. Qf3 Nd7 14. Be3 Qf6 15. Qe2 Bf4 16. Rfd1 Bxe3 17. Qxe3 Qe5 18. Qf3 Nf6 19. b4 Nd5 20. a3 Qf4 21. Be4 Qxf3 22. Bxf3 Ke7 23. c4 Nc7 24. a4 Rhd8 25. b5 Rxd1+ 26. Rxd1 axb5 27. axb5 cxb5 28. cxb5 Nxb5 29. Bxb7 Ra7 30. Bc6 Nd6 31. Rd2 Rc7 32. Bf3 Nf5 33. Be4 Rc4 34. Bxf5 exf5 35. g3 g5 36. Rd5 Kf6 37. Rd6+ Kg7 38. Rd5 Kg6 39. Kg2 h5 40. Rd8 f6 41. Rg8+ Kf7 42. Rh8 Kg6 43. Rg8+ Kh7 44. Ra8 Rc7 45. h4 g4 46. Ra4 Kg6 47. Rb4 Re7 48. Rb3 Re4 49. f4 Re2+ 50. Kf1 Ra2 51. Rb7 1/2-1/2